Comedores y transporte escolar / (Record no. 109617)

MARC details
000 -LEADER
campo de control de longitud fija 00699nam a2200229 4500
001 - NÚMERO DE CONTROL
campo de control 109617
003 - IDENTIFICADOR DE NÚMERO DE CONTROL
campo de control ES-MaACL
005 - FECHA Y HORA DE LA ÚLTIMA TRANSACCIÓN
campo de control 20250828035601.0
007 - CAMPO FIJO DE DESCRIPCIÓN FÍSICA--INFORMACIÓN GENERAL
campo de control de longitud fija t|
008 - DATOS DE LONGITUD FIJA--INFORMACIÓN GENERAL
campo de control de longitud fija 061121s1968 sp r ||||1| spa d
080 ## - NÚMERO DE LA CLASIFICACIÓN DECIMAL UNIVERSAL
Número de la Clasificación Decimal Universal 371.217.1/2
100 1# - ENTRADA PRINCIPAL--NOMBRE DE PERSONA
Nombre de persona Municio, Pedro.
9 (RLIN) 84197
245 10 - MENCIÓN DEL TÍTULO
Título Comedores y transporte escolar /
Mención de responsabilidad, etc. Pedro Municio.
260 ## - PUBLICACIÓN, DISTRIBUCIÓN, ETC.
Lugar de publicación, distribución, etc. Madrid :
Nombre del editor, distribuidor, etc. Magisterio Español,
Fecha de publicación, distribución, etc. 1968.
300 ## - DESCRIPCIÓN FÍSICA
Extensión 68 p. ;
Dimensiones 19 cm.
490 1# - MENCIÓN DE SERIE
Mención de serie Folletos el Magisterio Español ;
Designación de volumen o secuencia 28
650 #4 - PUNTO DE ACCESO ADICIONAL DE MATERIA--TÉRMINO DE MATERIA
Término de materia o nombre geográfico como elemento de entrada Comedores escolares.
9 (RLIN) 173056
650 #4 - PUNTO DE ACCESO ADICIONAL DE MATERIA--TÉRMINO DE MATERIA
Término de materia o nombre geográfico como elemento de entrada Escolares-
Subdivisión general Transporte.
9 (RLIN) 173057
830 10 - PUNTO DE ACCESO ADICIONAL DE SERIE-TÍTULO UNIFORME
Título uniforme Folletos El Magisterio Español
Designación de volumen o secuencia 28
9 (RLIN) 182679
852 ## - LOCALIZACIÓN
Ubicación ES-MaACL
Número de control de estantería C-50987
Holdings
Estatus retirado Estado de pérdida Estado de daño No para préstamo Biblioteca de origen Biblioteca actual Ubicación en estantería Fecha de adquisición Fuente de adquisición Total de préstamos Signatura topográfica completa Código de barras Visto por última vez Precio de reemplazo Tipo de ítem Koha
        Biblioteca del Ateneo de Madrid Biblioteca del Ateneo de Madrid Depósito 2 17/01/2008     C-50987 1114372 23/02/2023 23/02/2023 Libro impreso